000 00320nam a2200121Ia 4500
005 20260328101530.0
008 260328s9999||||xx |||||||||||||| ||und||
100 _aEscala
245 0 _aPaquetes Temáticos Escala :
_b Vivienda economica /
_cEscala
260 _bEscala
650 _aVIVIENDA DE INTERÉS SOCIAL
942 _cBK
999 _c9963
_d9963